000 00687nas a2200253 4500
001 BR9804475
003 BR-BrBNA
005 20231205101059.0
007 ta
008 230509b bl.|||p| |||| 00| 00por d
040 _aBR-BrBNA
_bpor
_cBiblioteca Nacional de Agricultura
041 _a(Pt)
072 _aE14
100 1 _aAnon.
245 1 _aA forca da Agricultura paulista
650 _aSetor Agricola
650 _aCredito Rural
650 _aEmprego
650 _aModernizacao
650 _aSao Paulo
773 0 _tManchete Rural (Brazil)
_xISSN 0102-8901
_g(Apr 1998), (no. 130) p. 95-102
_wBR9804475
909 _a202311
_bLúcia
_c55
_dLúcia Elande
942 _2AGRIS
_n0
_cANA
999 _c159596
_d159596